000 00466cam a22001571 4500
005 20250901165302.0
008 730716s1971 ilua b 000 0 eng
010 _a 78153171
050 0 0 _aHM51 .A533
_b.A533
082 0 0 _a301
100 1 _aAnderson, Charles H.,
_d1938-
245 1 0 _aToward a new sociology;
_ba critical view
_c[by] Charles H. Anderson.
260 _aHomewood, Ill.,
_bDorsey Press,
_c1971.
300 _axiii, 378 p.
_billus.
_c23 cm.
942 _2ddc
999 _c1578
_d1578